Catalog

Record Details

Catalog Search



Available copies

  • 1 of 1 copy available at LARL/NWRL Consortium.
  • 1 of 1 copy available at Northwest Regional Library. (Show preferred library)

Current holds

0 current holds with 1 total copy.

Show Only Available Copies
Location Call Number / Copy Notes Barcode Shelving Location Status Due Date
Hallock Public Library j OGL (Text) 35500006617235 Main Available -

Record details

  • ISBN: 9781335915832
  • ISBN: 1335915834
  • Physical Description: 263 pages : illustrations ; 22 cm
  • Publisher: Toronto, Ontario, Canada : Inkyard Press, [2022]

Content descriptions

Summary, etc.:
"Things are starting to look up for Will Hunter in ... Read More
Subject: Werewolves > Juvenile fiction.
Monsters > Juvenile fiction.
Paranormal fiction > Juvenile fiction.
Magic > Juvenile fiction.
Friendship > Juvenile fiction.
LDR 01664nam a2200337Mi 4500
001401576
003LARL_NWRL_CONSORTIUM
00520221012203016.0
008220916r20222022onca c 000 1 eng d
020 . ‡a9781335915832 ‡q(hardback)
020 . ‡a1335915834 ‡q(hardback)
035 . ‡a(OCoLC)1345699261
040 . ‡aQQ3 ‡beng ‡erda ‡cQQ3 ‡dGZD
1001 . ‡aOgle, Rex, ‡eauthor.
24510. ‡aCurse of the werewolves / ‡cRex Ogle.
264 1. ‡aToronto, Ontario, Canada : ‡bInkyard Press, ‡c[2022]
264 4. ‡c©2022
300 . ‡a263 pages : ‡billustrations ; ‡c22 cm
336 . ‡atext ‡btxt ‡2rdacontent
337 . ‡aunmediated ‡bn ‡2rdamedia
338 . ‡avolume ‡bnc ‡2rdacarrier
4900 . ‡aSupernatural society ; ‡v2
520 . ‡a"Things are starting to look up for Will Hunter in East Emerson. He's pretty much used to seeing monsters all over the place. He's become best friends with neighbors Ivy and Linus (the only people who can see what he sees). Together, they saved the town from a pet-napping vampire. But Will's problems are far from over. Because there's a werewolf on the loose in East Emerson, turning people into dangerous, mind-controlled animals left and right. And Will is one of them. Can Will, Ivey, and Linus find out who is behind this shapeshifter army before it's too late, or will our hero be stuck as a werewolf forever?" -- Amazon.
650 0. ‡aWerewolves ‡vJuvenile fiction.
650 0. ‡aMonsters ‡vJuvenile fiction. ‡0(LARL_NWRL_CONSORTIUM)166253
650 0. ‡aParanormal fiction ‡vJuvenile fiction.
650 0. ‡aMagic ‡vJuvenile fiction. ‡0(LARL_NWRL_CONSORTIUM)165990
650 0. ‡aFriendship ‡vJuvenile fiction. ‡0(LARL_NWRL_CONSORTIUM)164914
901 . ‡a401576 ‡b ‡c401576 ‡tbiblio

Additional Resources